000 00254nam a2200109Ia 4500
008 190216s9999||||xx |||||||||||||| ||und||
100 _aSrinivasan A V
245 0 _aCritical Path Analysis
260 _bEast-West Press
_c1976
300 _a128p
942 _cBK
999 _c5298
_d5298